000 01440cam a22003737a 4500
003 CHAP
005 20220329142715.0
008 021127d2002 mx r 00110 spa d
010 _a86682
011 _a87654
035 _a98198
040 _cCHAP
090 _aTesis
100 0 0 _aCruz Delgado, Daniela.
_929359
245 1 0 _aDiseño del perfil ideal del licenciado en administración de empresas agropecuarias siguiendo dos criterios :
_bel teórico y el del egresado
_c/por Daniela Cruz Delgado y Liliana Malpica Cornejo
260 _aChapingo, Méx. :
_bEl autor,
_c2002.
300 _a80 h.
502 _aTesis (Lic. en Admon. de Empresas Agropecuarias) -- UACH. División de Ciencias Económico-Administrativas
590 _aALEPH
_b10
_c20130110
_lUCH01
_h1450
590 _aBATCH-UPD
_b10
_c20130110
_lUCH01
_h0559
590 _aBATCH-UPD
_b10
_c20130410
_lUCH01
_h0240
590 _aBATCH-UPD
_b10
_c20130913
_lUCH01
_h1948
590 _aCONVERSION
_b10
_c20130109
_lUCH01
_h1348
650 1 4 _aAdministración de empresas.
_9922
650 1 4 _aAdministración
_xEstudio y ensenanza.
_9920
650 1 4 _aPlanes de estudio.
_988732
650 1 4 _aUACH
_xPlanes de estudio.
_9115804
700 0 0 _aMalpica Cornejo,Liliana.
_970195
901 _aBK
905 _aMayto Villalobos S.
942 _cFOLL
949 _aTesis
_bBC
_cTES
_d33724000882890
_eTS2
_fc.2
_h39796
_i98198
_sb
949 _aTesis
_bBC
_cTES
_d98198123
_eTS1
_h39795
_i98198
_sb
999 _c86682
_d86682